Scottish construction industry lacks workers (Record no. 117494)

MARC details
000 -LEADER
fixed length control field 01211cam a2200229 4500
001 - CONTROL NUMBER
control field WB4022-01
008 - FIXED-LENGTH DATA ELEMENTS--GENERAL INFORMATION
fixed length control field 040610n2004 000 0 eng u
035 ## - SYSTEM CONTROL NUMBER
System control number (Sirsi) u126446
245 ## - TITLE STATEMENT
Title Scottish construction industry lacks workers
260 ## - PUBLICATION, DISTRIBUTION, ETC.
Date of publication, distribution, etc. 2004
490 ## - SERIES STATEMENT
Series statement CITB Press Release
Volume/sequential designation 27 May 2004 (2)
520 ## - SUMMARY, ETC.
Summary, etc. The Scottish Deputy Minister for Enterprise and Lifelong Learning has launched the results of a survey which found that nearly 20% of construction employers in Scotland have vacancies. "Scottish construction skills survey" is based on results collected in August and September 2003 from 2 000 interviews. 7% of those interviewed reported vacancies relating to skills shortages. It is hoped that the findings will help to ensure that plans to address skills shortages are targeted effectively. Full report of the results of the survey is available from http://www.futureskillsscotland.org.uk. http://www.citb.org.uk/news/press-releases/default .asp
590 ## - LOCAL NOTE (RLIN)
Local note WB
590 ## - LOCAL NOTE (RLIN)
Local note WB
650 ## - SUBJECT ADDED ENTRY--TOPICAL TERM
Topical term or geographic name entry element SKILLS SHORTAGE
650 ## - SUBJECT ADDED ENTRY--TOPICAL TERM
Topical term or geographic name entry element LABOUR SHORTAGES
650 ## - SUBJECT ADDED ENTRY--TOPICAL TERM
Topical term or geographic name entry element SURVEYS
650 ## - SUBJECT ADDED ENTRY--TOPICAL TERM
Topical term or geographic name entry element SCOTLAND
650 ## - SUBJECT ADDED ENTRY--TOPICAL TERM
Topical term or geographic name entry element CONSTRUCTION SKILLS
690 ## - LOCAL SUBJECT ADDED ENTRY--TOPICAL TERM (OCLC, RLIN)
Topical term or geographic name as entry element BUILDING AND CONSTRUCTION
942 ## - ADDED ENTRY ELEMENTS (KOHA)
Suppress in OPAC 0
Holdings
Withdrawn status Lost status Source of classification or shelving scheme Damaged status Not for loan Home library Current library Shelving location Date acquired Total Checkouts Full call number Barcode Date last seen Copy number Price effective from Koha item type
    Dewey Decimal Classification     London London News article 10/06/2004   WB4022-01 126446-1001 06/08/2019 1 06/08/2019 News article